| 000 | 00383cam a2200157ua 4500 | ||
|---|---|---|---|
| 003 | OSt | ||
| 008 | 250320b |||||||| |||| 00| 0 eng d | ||
| 041 | _aeng | ||
| 082 |
_a621.952 _bALL/DI |
||
| 100 |
_aAllen, H P . _97317 |
||
| 245 | _aDirect drilling and reduced cullivations / | ||
| 250 | _a1 / | ||
| 260 |
_a : _bFarming Press Ltd , _c1981. |
||
| 300 | _a219 ; . | ||
| 942 | _cBK | ||
| 999 |
_c5273 _d5273 |
||